|
|
|
|
| LEADER |
00903cam a2200265 7i4500 |
| 001 |
0000035945 |
| 005 |
20190327090000.0 |
| 007 |
##ta |
| 008 |
190327s2018 nyu i000 0 eng d |
| 020 |
# |
# |
|a 9789211129311
|
| 040 |
# |
# |
|a MATR
|
| 090 |
0 |
0 |
|a I 382.091724005
|b TRA
|
| 245 |
0 |
0 |
|a TRADE AND DEVELOPMENT REPORT 2018 :
|b POWER, PLATFORMS AND THE TREE TRADE DELUSION.
|
| 264 |
# |
1 |
|a New York:
|b United Nations,
|c 2018.
|
| 300 |
# |
# |
|a xiv, 133 pages:
|b illustrations;
|c 30 cm.
|
| 336 |
# |
# |
|a text
|2 rdacontent
|
| 337 |
# |
# |
|a unmediated
|2 rdamedia
|
| 338 |
# |
# |
|a volume
|2 rdacarrier
|
| 504 |
# |
# |
|a Includes bibliographical references
|
| 650 |
# |
0 |
|a Economic development
|
| 650 |
# |
0 |
|a Globalization
|
| 650 |
# |
0 |
|a Economic policy
|
| 650 |
# |
0 |
|a International economic relations
|
| 710 |
2 |
# |
|a United Nations Conference on Trade and Development
|
| 999 |
|
|
|a 0000040425
|b Book
|c International
|e Business Information Centre
|